| 000 | 00649nam a2200205 i 4500 | ||
|---|---|---|---|
| 001 | 38459 | ||
| 003 | ES-MaACL | ||
| 005 | 20250513063019.0 | ||
| 007 | t| | ||
| 008 | 030225s1918 xxu ||||1| eng d | ||
| 100 | 1 |
_aCalderón de la Barca, Pedro, _d1600-1681 _eaut _9239594 |
|
| 245 | 1 | 3 |
_aEl alcalde de Zalamea / _cpor [Pedro] Calderón de la Barca ; with introduction, notes and vocabulary by James Geddes. |
| 260 |
_aBoston : _bD.C. Heath & Co., _c1918. |
||
| 300 |
_aXXXVIII, 198 p. ; _c17 cm. |
||
| 650 | 1 | 4 |
_a _9239545 |
| 700 | 1 |
_aGeddes, James. _956192 |
|
| 852 |
_aES-MaACL _jF-2726 |
||
| 942 | _2udc | ||
| 999 |
_c38459 _d38459 |
||